000 00330nam a2200133Ia 4500
008 220204s9999 xx 000 0 und d
082 _a657.6
_bNIG
100 _aBansal, G D
245 0 _aPrinciples and practice of auditing
260 _aDelhi
_bShree Mahavir
_c1979
650 _aAuditing
700 _aNigam, R S
942 _cBK
999 _c32466
_d32466